00747 2200253 4500001002100000005001500021035002500036020002200061040001700083082001500100084001700115100002100132245008900153260003300242300005000275650001500325700003200340700002200372850001200394090002100406008004100427007000300468990002200471INLIS00000000000750720200506122025 a0010-071500000000190 a978-602-1246-15-3 aYOPDYOGbind04222a910.09 a910.09 TRI n0 aTrinityepenulis10aThe Naked traveler /cpenulis,Trinity; penyunting, Nurjannah Intan; ilustrasi, Upiet31aYogyakarta :bB-Frist,c2014 aix, 258 halaman :bilustrasi, gambar ;c20 cm 4aPerjalanan0 aNurjannah Intanepenyunting0 aUpieteilustrator aYOPDYOG aDEP 910.09 TRI n150703s2014 yoia g ind dta aCB-D.11/2014-1113